[Event "Quart de Poblet Sub2300 1st"]
[Site "Quart de Poblet"]
[Date "2013.07.21"]
[Round "4.5"]
[White "Del Hoyo, Pablo"]
[Black "Sos Andreu, Eric"]
[Result "1/2-1/2"]
[WhiteElo "2013"]
[BlackElo "2225"]
[PlyCount "135"]
[EventDate "2013.07.20"]
[EventType "swiss"]
[EventRounds "7"]
[EventCountry "ESP"]
[SourceTitle "EXT 2024"]
[Source "ChessBase"]
[SourceDate "2023.10.10"]
[SourceVersion "1"]
[SourceVersionDate "2023.10.10"]
[SourceQuality "1"]

1. d4 Nf6 2. Nf3 c5 3. c3 d5 4. g3 e6 5. Bg2 Nc6 6. 0-0 Be7 7. Ne5 0-0 8. Nd2 cxd4 9. Nxc6 bxc6 10. cxd4 Qb6 11. Nb3 a5 12. Qc2 Nd7 13. Be3 a4 14. Nc5 Nxc5 15. dxc5 Qb4 16. b3 Bf6 17. Rab1 axb3 18. axb3 Ba6 19. Bd2 Qb7 20. Rfe1 Ra7 21. e4 Rfa8 22. exd5 exd5 23. Ba5 Rf8 24. b4 Bc4 25. Qf5 Bc3 26. Re3 g6 27. Qc2 Bg7 28. Rbe1 Bd4 29. Ra3 Qb5 30. Qd2 Bf6 31. Rae3 Kg7 32. h4 h5 33. f4 Qb7 34. Kh2 Raa8 35. Bh3 Rfb8 36. Rg1 Qb5 37. g4 Rxa5 38. bxa5 Qxc5 39. Re5 Bxe5 40. fxe5 Qe7 41. Qf4 Rb2+ 42. Rg2 Rxg2+ 43. Kxg2 Qxh4 44. e6 fxe6 45. Qc7+ Kf8 46. Qc8+ Kf7 47. Qc7+ Qe7 48. Qxc6 h4 49. a6 Bxa6 50. Qxa6 Qc7 51. Qf1+ Kg7 52. Qf2 g5 53. Kg1 Qc3 54. Kh2 Qe5+ 55. Kg1 d4 56. Bf1 Qe4 57. Be2 Qf4 58. Qg2 Qe3+ 59. Qf2 Qxf2+ 60. Kxf2 Kf6 61. Kf3 Ke5 62. Bc4 Kd6 63. Ke4 e5 64. Bf1 Ke6 65. Bc4+ Kd6 66. Bf1 Ke6 67. Bc4+ Kd6 68. Bf1 1/2-1/2